[Event "Keres Memorial-A"]
[Site "Tallinn"]
[Date "2013.01.16"]
[Round "6"]
[White "Anjuhin, Alex"]
[Black "Laurusas, Tomas"]
[Result "0-1"]
[WhiteElo "2308"]
[BlackElo "2413"]
[PlyCount "74"]
[EventDate "2013.01.13"]
[EventType "tourn"]
[EventRounds "9"]
[EventCountry "EST"]
[EventCategory "4"]
[SourceTitle "CBM 152 Extra"]
[Source "ChessBase"]
[SourceDate "2013.02.25"]
[SourceVersion "1"]
[SourceVersionDate "2013.02.25"]
[SourceQuality "1"]

1. e4 c6 2. Nc3 d5 3. Nf3 Bg4 4. h3 Bxf3 5. Qxf3 e6 6. d4 Bb4 7. Bd2 dxe4 8. Qxe4 Nf6 9. Qd3 0-0 10. 0-0-0 a5 11. Kb1 a4 12. Ne4 Bxd2 13. Rxd2 a3 14. b3 Nbd7 15. c3 Qa5 16. b4 Qc7 17. Qg3 Qb6 18. Bd3 Nd5 19. Kc2 Rad8 20. Rb1 Qa7 21. Qh4 g6 22. g4 Kg7 23. Qg3 b6 24. Bc4 f6 25. f4 Qc7 26. f5 Qxg3 27. Nxg3 Ne3+ 28. Kb3 exf5 29. gxf5 Nxc4 30. Kxc4 b5+ 31. Kb3 Rfe8 32. Rbd1 Nb6 33. Rd3 Nc4 34. Rg1 Kf7 35. h4 gxf5 36. Rf1 Rg8 37. Rxf5 Rde8 0-1

[Event "Keres Memorial-A"]
[Site "Tallinn"]
[Date "2013.01.15"]
[Round "4"]
[White "Anjuhin, Alex"]
[Black "Ladva, Ottomar"]
[Result "1-0"]
[WhiteElo "2308"]
[BlackElo "2267"]
[PlyCount "89"]
[EventDate "2013.01.13"]
[EventType "tourn"]
[EventRounds "9"]
[EventCountry "EST"]
[EventCategory "4"]
[SourceTitle "CBM 152 Extra"]
[Source "ChessBase"]
[SourceDate "2013.02.25"]
[SourceVersion "1"]
[SourceVersionDate "2013.02.25"]
[SourceQuality "1"]

1. e4 c5 2. Nf3 e6 3. d4 cxd4 4. Nxd4 Nf6 5. Nc3 Nc6 6. Nxc6 bxc6 7. e5 Nd5 8. Ne4 Qc7 9. f4 Qb6 10. c4 Bb4+ 11. Ke2 Ba6 12. Kf3 f5 13. exf6 Nxf6 14. c5 Qa5 15. Nxf6+ gxf6 16. Bxa6 Qxa6 17. Qd4 Qb5 18. Be3 0-0-0 19. Rac1 Rhe8 20. Qc4 Qb7 21. Rhd1 e5 22. Kf2 exf4 23. Bxf4 f5 24. Rd4 Ba5 25. Rc2 Re6 26. Qa4 Be1+ 27. Kf1 Rde8 28. g3 Re4 29. Rxe4 Rxe4 30. Re2 Bb4 31. Bd6 Rxe2 32. Kxe2 Qb5+ 33. Qxb5 cxb5 34. Ke3 Be1 35. Kf4 Kb7 36. Kxf5 Kc6 37. g4 Bf2 38. g5 Bxc5 39. Bxc5 Kxc5 40. h4 Kd6 41. g6 hxg6+ 42. Kxg6 Ke7 43. h5 Kf8 44. Kf6 Kg8 45. Ke5 1-0

[Event "Novaya Ladoga Zinder Memorial"]
[Site "Novaya Ladoga"]
[Date "2012.06.24"]
[Round "1"]
[White "Mishuchkov, Nikolai Mikhailovic"]
[Black "Anjuhin, Alex"]
[Result "1/2-1/2"]
[WhiteElo "2418"]
[BlackElo "2306"]
[PlyCount "80"]
[EventDate "2012.06.24"]
[EventType "tourn"]
[EventRounds "9"]
[EventCountry "RUS"]
[SourceTitle "EXT 2013"]
[Source "ChessBase"]
[SourceDate "2012.11.22"]
[SourceVersion "1"]
[SourceVersionDate "2012.11.22"]
[SourceQuality "1"]

1. Nf3 Nf6 2. d4 e6 3. c4 b6 4. g3 Bb7 5. Bg2 c5 6. d5 exd5 7. Nh4 g6 8. Nc3 Bg7 9. 0-0 0-0 10. Nxd5 Nxd5 11. Bxd5 Nc6 12. Nf3 d6 13. Bg5 Qd7 14. Qd2 Rfe8 15. Rfe1 Nd4 16. Bxb7 Qxb7 17. Nxd4 cxd4 18. Rac1 d5 19. Qd3 dxc4 20. Rxc4 Rac8 21. Rxc8 Rxc8 22. Rc1 h6 23. Rxc8+ Qxc8 24. Bd2 Qc6 25. b3 b5 26. f3 a6 27. Kf2 h5 28. Qe4 Qxe4 29. fxe4 Kf8 30. Bf4 Ke7 31. Ke1 f5 32. exf5 gxf5 33. Kd2 Ke6 34. Kd3 Kd5 35. Bg5 Be5 36. Bd2 Bb8 37. Bg5 Be5 38. Bd2 Bb8 39. Bg5 Be5 40. Bd2 Bb8 1/2-1/2

[Event "North-West Cup final"]
[Site "St Petersburg"]
[Date "2011.12.10"]
[Round "6"]
[White "Anjuhin, Alex"]
[Black "Smirnov, Vladimir Sergeevich"]
[Result "1/2-1/2"]
[WhiteElo "2324"]
[BlackElo "2253"]
[PlyCount "27"]
[EventDate "2011.12.05"]
[EventType "tourn"]
[EventRounds "9"]
[EventCountry "RUS"]
[SourceTitle "EXT 2022"]
[Source "ChessBase"]
[SourceDate "2021.10.06"]
[SourceVersion "1"]
[SourceVersionDate "2021.10.06"]
[SourceQuality "1"]

1. e4 e5 2. Nf3 Nc6 3. Nc3 Nf6 4. d4 exd4 5. Nxd4 Bb4 6. Nxc6 bxc6 7. Bd3 d5 8. exd5 cxd5 9. 0-0 0-0 10. Bg5 c6 11. Qf3 h6 12. Bxf6 Qxf6 13. Qxf6 gxf6 14. Na4 1/2-1/2

[Event "North-West Cup final"]
[Site "St Petersburg"]
[Date "2011.12.06"]
[Round "1"]
[White "Anjuhin, Alex"]
[Black "Dokutchaev, Aleksander"]
[Result "1/2-1/2"]
[WhiteElo "2324"]
[BlackElo "2436"]
[PlyCount "76"]
[EventDate "2011.12.05"]
[EventType "tourn"]
[EventRounds "9"]
[EventCountry "RUS"]
[SourceTitle "EXT 2022"]
[Source "ChessBase"]
[SourceDate "2021.10.06"]
[SourceVersion "1"]
[SourceVersionDate "2021.10.06"]
[SourceQuality "1"]

1. e4 e5 2. Nf3 Nc6 3. Bc4 Bc5 4. Nc3 Nf6 5. d3 d6 6. Bg5 h6 7. Be3 Bb4 8. Qd2 Bg4 9. a3 Ba5 10. b4 Bb6 11. Nd5 Bxf3 12. gxf3 Nxd5 13. Bxd5 Qf6 14. 0-0-0 0-0-0 15. Bxc6 bxc6 16. Qc3 d5 17. exd5 cxd5 18. Bxb6 axb6 19. d4 Rhe8 20. dxe5 Rxe5 21. Rd3 Rf5 22. Qxf6 Rxf6 23. Re1 Re6 24. Red1 Re5 25. f4 Re4 26. Rf3 g6 27. f5 g5 28. f6 Rd6 29. Rf5 Ree6 30. f4 Rxf6 31. Rxf6 Rxf6 32. fxg5 hxg5 33. Rxd5 Rf1+ 34. Kb2 f6 35. Rd2 b5 36. Kc3 Kb7 37. Kd4 Kc6 38. Ke4 Rf4+ 1/2-1/2

[Event "Novaya Ladoga"]
[Site "Novaya Ladoga"]
[Date "2009.07.12"]
[Round "8"]
[White "Akulich, Maksim"]
[Black "Anjuhin, Alex"]
[Result "1/2-1/2"]
[WhiteElo "2120"]
[BlackElo "2362"]
[PlyCount "33"]
[EventDate "2009.07.05"]
[EventType "tourn"]
[EventRounds "9"]
[EventCountry "RUS"]
[SourceTitle "EXT 2021"]
[Source "ChessBase"]
[SourceDate "2020.10.23"]
[SourceVersion "1"]
[SourceVersionDate "2020.10.23"]
[SourceQuality "1"]

1. d4 Nf6 2. Nc3 d5 3. Bg5 e6 4. e4 dxe4 5. Nxe4 Nbd7 6. Nf3 Be7 7. Bxf6 Nxf6 8. Bd3 0-0 9. 0-0 Nxe4 10. Bxe4 c5 11. dxc5 Bxc5 12. Qxd8 Rxd8 13. Rad1 Be7 14. Rxd8+ Bxd8 15. Rd1 Bf6 16. c3 Kf8 17. Nd4 1/2-1/2

[Event "SZFO-ch"]
[Site "St Petersburg"]
[Date "2009.03.26"]
[Round "6"]
[White "Vlassow, Valentin"]
[Black "Anjuhin, Alex"]
[Result "1/2-1/2"]
[WhiteElo "2338"]
[BlackElo "2334"]
[PlyCount "75"]
[EventDate "2009.03.23"]
[EventType "swiss"]
[EventRounds "9"]
[EventCountry "RUS"]
[SourceTitle "EXT 2010"]
[Source "ChessBase"]
[SourceDate "2010.11.25"]
[SourceVersion "1"]
[SourceVersionDate "2010.11.25"]
[SourceQuality "1"]

1. d4 d5 2. Bf4 c5 3. Nf3 Nc6 4. e3 Nf6 5. c3 Qb6 6. Qb3 c4 7. Qc2 Bf5 8. Qc1 h6 9. Nbd2 Rc8 10. Be2 e6 11. 0-0 Be7 12. Re1 0-0 13. Ne5 Nxe5 14. Bxe5 Qc6 15. Bf3 Ne4 16. Bxe4 Bxe4 17. Nxe4 dxe4 18. Qc2 a6 19. Rf1 f6 20. Bf4 f5 21. f3 exf3 22. Rxf3 Bf6 23. Re1 Qe4 24. Qxe4 fxe4 25. Rf2 Bh4 26. g3 Be7 27. Ref1 g5 28. Be5 Rxf2 29. Rxf2 Rf8 30. g4 Rxf2 31. Kxf2 Kf7 32. Ke2 Kg6 33. Kd2 h5 34. h3 hxg4 35. hxg4 Kf7 36. Kc2 Ke8 37. b3 b5 38. Kb2 1/2-1/2

[Event "SZFO-ch"]
[Site "St Petersburg"]
[Date "2009.03.23"]
[Round "1"]
[White "Anjuhin, Alex"]
[Black "Veltmander, Vitaliy"]
[Result "1-0"]
[WhiteElo "2334"]
[BlackElo "2086"]
[PlyCount "77"]
[EventDate "2009.03.23"]
[EventType "swiss"]
[EventRounds "9"]
[EventCountry "RUS"]
[SourceTitle "EXT 2010"]
[Source "ChessBase"]
[SourceDate "2010.11.25"]
[SourceVersion "1"]
[SourceVersionDate "2010.11.25"]
[SourceQuality "1"]

1. e4 c5 2. Nf3 e6 3. d4 cxd4 4. Nxd4 Nf6 5. Bd3 a6 6. 0-0 Qc7 7. c4 Be7 8. Nc3 d6 9. Qd2 Nbd7 10. b3 b6 11. Bb2 Bb7 12. Rac1 0-0 13. Kh1 Rac8 14. Bb1 Qb8 15. Qe2 Rfe8 16. f4 Qa8 17. Rce1 h6 18. Qc2 Nf8 19. e5 N6d7 20. Qf2 Rc5 21. Ne4 d5 22. Nxc5 Bxc5 23. cxd5 Bxd5 24. Qe2 Bb4 25. Rc1 Ng6 26. a3 Bc5 27. b4 Bxd4 28. Bxd4 Nh4 29. Rf2 Rc8 30. Rxc8+ Qxc8 31. Qc2 Qxc2 32. Bxc2 Kf8 33. Bd3 Bb7 34. Rc2 Ke7 35. Kg1 Kd8 36. Bf1 g6 37. Bf2 Nf5 38. g4 Ne7 39. Bh4 1-0

[Event "Novaya Ladoga"]
[Site "Novaya Ladoga"]
[Date "2008.07.02"]
[Round "2"]
[White "Hermanov, Alexander"]
[Black "Anjuhin, Alex"]
[Result "1/2-1/2"]
[WhiteElo "2295"]
[BlackElo "2346"]
[PlyCount "39"]
[EventDate "2008.07.01"]
[EventType "tourn"]
[EventRounds "9"]
[EventCountry "RUS"]
[EventCategory "3"]
[SourceTitle "CBM 125 Extra"]
[Source "ChessBase"]
[SourceDate "2008.09.01"]
[SourceVersion "1"]
[SourceVersionDate "2008.09.01"]
[SourceQuality "1"]

1. d4 d5 2. c4 c6 3. cxd5 cxd5 4. Bf4 Nf6 5. e3 Nc6 6. Nc3 Bf5 7. Nf3 a6 8. Bd3 Bxd3 9. Qxd3 e6 10. 0-0 Bd6 11. Bxd6 Qxd6 12. Rac1 0-0 13. h3 b5 14. Rfd1 Rfc8 15. a3 h6 16. e4 dxe4 17. Nxe4 Nxe4 18. Qxe4 Na5 19. Ne5 Rxc1 20. Rxc1 1/2-1/2

[Event "Novaya Ladoga"]
[Site "Novaya Ladoga"]
[Date "2008.07.01"]
[Round "1"]
[White "Anjuhin, Alex"]
[Black "Sedov, Aleksandr"]
[Result "1/2-1/2"]
[WhiteElo "2346"]
[BlackElo "2246"]
[PlyCount "74"]
[EventDate "2008.07.01"]
[EventType "tourn"]
[EventRounds "9"]
[EventCountry "RUS"]
[EventCategory "3"]
[SourceTitle "CBM 125 Extra"]
[Source "ChessBase"]
[SourceDate "2008.09.01"]
[SourceVersion "1"]
[SourceVersionDate "2008.09.01"]
[SourceQuality "1"]

1. e4 g6 2. d4 Bg7 3. Nc3 d6 4. Be3 a6 5. Qd2 h6 6. Nf3 Nd7 7. a4 e6 8. Bc4 b6 9. 0-0 Ne7 10. h3 Bb7 11. Nh2 Nf6 12. d5 exd5 13. exd5 Kf8 14. f3 Kg8 15. Ng4 Nf5 16. Bf2 h5 17. Ne3 Bh6 18. Qd3 Bxe3 19. Bxe3 Nxe3 20. Qxe3 Qf8 21. Rae1 Re8 22. Qd3 Nd7 23. Rxe8 Qxe8 24. f4 Qe7 25. Ne4 Kg7 26. Qd4+ Nf6 27. Re1 Bc8 28. Re2 Qd8 29. c3 a5 30. Nxf6 Qxf6 31. Re7 Qxd4+ 32. cxd4 Bf5 33. Rxc7 Rc8 34. Rc6 Bd7 35. Rxd6 Rxc4 36. Rxd7 Rxa4 37. Rb7 Rxd4 1/2-1/2

[Event "FIN-chT 0708"]
[Site "Finland"]
[Date "2007.11.18"]
[Round "5.2"]
[White "Anjuhin, Alex"]
[Black "Sammalvuo, Tapani"]
[Result "1/2-1/2"]
[WhiteElo "2359"]
[BlackElo "2464"]
[PlyCount "52"]
[EventDate "2007.09.15"]
[EventType "team-tourn"]
[EventRounds "9"]
[EventCountry "FIN"]
[SourceTitle "EXT 2022"]
[Source "ChessBase"]
[SourceDate "2021.10.06"]
[SourceVersion "1"]
[SourceVersionDate "2021.10.06"]
[SourceQuality "1"]
[WhiteTeam "Joensuu SK"]
[BlackTeam "Helsinki Velhot"]
[WhiteTeamCountry "FIN"]
[BlackTeamCountry "FIN"]

1. e4 e5 2. Nf3 Nf6 3. Nc3 Nc6 4. Bb5 Bb4 5. 0-0 0-0 6. d3 d6 7. Bg5 Bxc3 8. bxc3 h6 9. Bh4 Kh8 10. Bxc6 bxc6 11. Qd2 Bg4 12. Qe3 Bxf3 13. Qxf3 g5 14. Bg3 Qe7 15. Qf5 Kg7 16. d4 Nh5 17. Rab1 Rab8 18. Rb3 Rb6 19. dxe5 Nxg3 20. hxg3 Qxe5 21. Qxe5+ dxe5 22. f4 Rd8 23. fxe5 Rd2 24. Rf2 Rd1+ 25. Rf1 Rd2 26. Rf2 Rd1+ 1/2-1/2

[Event "FIN-chT 0708"]
[Site "Finland"]
[Date "2007.09.16"]
[Round "2.2"]
[White "Pihlajasalo, Antti"]
[Black "Anjuhin, Alex"]
[Result "1-0"]
[WhiteElo "2431"]
[BlackElo "2359"]
[PlyCount "63"]
[EventDate "2007.09.15"]
[EventType "team-tourn"]
[EventRounds "9"]
[EventCountry "FIN"]
[SourceTitle "EXT 2022"]
[Source "ChessBase"]
[SourceDate "2021.10.06"]
[SourceVersion "1"]
[SourceVersionDate "2021.10.06"]
[SourceQuality "1"]
[WhiteTeam "Salo SK"]
[BlackTeam "Joensuu SK"]
[WhiteTeamCountry "FIN"]
[BlackTeamCountry "FIN"]

1. c4 e6 2. g3 d5 3. Bg2 Nf6 4. Nf3 Be7 5. 0-0 0-0 6. b3 b6 7. Bb2 Nbd7 8. d3 Bb7 9. Nbd2 c5 10. e3 Re8 11. Qe2 Qc7 12. Rac1 Rad8 13. cxd5 exd5 14. d4 Qc8 15. Rfd1 Ba6 16. Qe1 c4 17. bxc4 dxc4 18. Bf1 Bb4 19. Be2 Ne4 20. Qf1 Nxd2 21. Nxd2 Bxd2 22. Rxd2 b5 23. a4 Nc5 24. axb5 Nb3 25. Rxc4 Nxd2 26. Rxc8 Nxf1 27. Rxd8 Rxd8 28. bxa6 Nd2 29. Ba3 Nb3 30. Bf3 Rb8 31. Bb7 Na5 32. Bc5 1-0

[Event "FIN-chT 0607"]
[Site "Finland"]
[Date "2007.03.10"]
[Round "8.2"]
[White "Anjuhin, Alex"]
[Black "Novik, Maxim"]
[Result "1/2-1/2"]
[WhiteElo "2396"]
[BlackElo "2490"]
[PlyCount "75"]
[EventDate "2006.09.14"]
[EventType "team-tourn"]
[EventRounds "9"]
[EventCountry "FIN"]
[SourceTitle "EXT 2022"]
[Source "ChessBase"]
[SourceDate "2021.10.06"]
[SourceVersion "1"]
[SourceVersionDate "2021.10.06"]
[SourceQuality "1"]
[WhiteTeam "Joensuu SK"]
[BlackTeam "Jyvaskyla JyS"]
[WhiteTeamCountry "FIN"]
[BlackTeamCountry "FIN"]

1. e4 c6 2. c4 d5 3. exd5 cxd5 4. cxd5 Nf6 5. Qa4+ Nbd7 6. Bc4 g6 7. Nc3 Bg7 8. Nge2 a6 9. d3 0-0 10. Qa3 Ne8 11. 0-0 Rb8 12. Bg5 b5 13. Qxe7 Qxe7 14. Bxe7 bxc4 15. dxc4 Rxb2 16. Rab1 Rc2 17. Rfc1 Rxc1+ 18. Rxc1 Nef6 19. Bxf8 Bxf8 20. Na4 Ne4 21. Nec3 Ba3 22. Nxe4 Bxc1 23. Nd6 Ne5 24. Nxc8 Nxc4 25. Nab6 Nxb6 26. Nxb6 f5 27. Kf1 Kf7 28. Ke2 Ba3 29. Nc4 Bc5 30. f3 Kf6 31. Kd3 h5 32. f4 g5 33. fxg5+ Kxg5 34. Ne5 Ba3 35. Nc4 Bc5 36. Ne5 Ba3 37. Nf3+ Kf6 38. Kd4 1/2-1/2

[Event "FIN-chT 0607"]
[Site "Finland"]
[Date "2007.01.13"]
[Round "6.3"]
[White "Maki, Veijo"]
[Black "Anjuhin, Alex"]
[Result "1/2-1/2"]
[WhiteElo "2400"]
[BlackElo "2396"]
[PlyCount "38"]
[EventDate "2006.09.14"]
[EventType "team-tourn"]
[EventRounds "9"]
[EventCountry "FIN"]
[SourceTitle "EXT 2022"]
[Source "ChessBase"]
[SourceDate "2021.10.06"]
[SourceVersion "1"]
[SourceVersionDate "2021.10.06"]
[SourceQuality "1"]
[WhiteTeam "Tampere OpusCapita"]
[BlackTeam "Joensuu SK"]
[WhiteTeamCountry "FIN"]
[BlackTeamCountry "FIN"]

1. Nf3 c5 2. e4 d6 3. d4 cxd4 4. Nxd4 Nf6 5. Nc3 a6 6. Bg5 e6 7. f4 b5 8. e5 dxe5 9. fxe5 Qc7 10. Qe2 Nfd7 11. 0-0-0 Bb7 12. Qg4 Qb6 13. Be2 Nxe5 14. Qg3 Nbd7 15. Bf4 b4 16. Na4 Qa5 17. Nb3 Qxa4 18. Bxe5 Rc8 19. Kb1 Nxe5 1/2-1/2